| 000 -LEADER |
| fixed length control field |
00587nam a2200217Ia 4500 |
| 001 - CONTROL NUMBER |
| control field |
1476 |
| 003 - CONTROL NUMBER IDENTIFIER |
| control field |
GE_BSU |
| 005 - DATE AND TIME OF LATEST TRANSACTION |
| control field |
20221115102150.0 |
| 008 - FIXED-LENGTH DATA ELEMENTS--GENERAL INFORMATION |
| fixed length control field |
181216s2006||||enk|||||||||||||| ||eng|| |
| 020 ## - INTERNATIONAL STANDARD BOOK NUMBER |
| International Standard Book Number |
9780387288703x |
| 040 ## - CATALOGING SOURCE |
| Transcribing agency |
GE_BSU |
| 041 ## - LANGUAGE CODE |
| Language code of text/sound track or separate title |
eng |
| 080 ## - UNIVERSAL DECIMAL CLASSIFICATION NUMBER |
| Universal Decimal Classification number |
581 C-61 |
| 100 ## - MAIN ENTRY--PERSONAL NAME |
| Personal name |
Climn-Lacy, Janice |
| 9 (RLIN) |
15805 |
| 245 ## - TITLE STATEMENT |
| Title |
Botany illustrated : |
| Remainder of title |
Introduction to Plats,Major Groups,Flowering Plant Families / |
| Statement of responsibility, etc. |
Janice Climn-Lacy. |
| 260 ## - PUBLICATION, DISTRIBUTION, ETC. |
| Date of publication, distribution, etc. |
2006 |
| 300 ## - PHYSICAL DESCRIPTION |
| Extent |
146 p.; |
| Other physical details |
24 cm. |
| 653 ## - INDEX TERM--UNCONTROLLED |
| keyword |
Botany illustrated |
| 653 ## - INDEX TERM--UNCONTROLLED |
| keyword |
ბოტანიკა |
| 942 ## - ADDED ENTRY ELEMENTS (KOHA) |
| Koha item type |
წიგნი |
| Source of classification or shelving scheme |
|